Most Expensive Transfers from AS Roma - Statistics

General Stats
  • This quiz has been taken 210 times
  • The average score is 13 of 26
Answer Stats
Sum Season Gone To Player Name % Correct
42.00m '17-'18 Liverpool Mohamed Salah
98%
62.50m '18-'19 Liverpool Alisson
95%
36.00m '19-'20 Napoli Kostas Manolas
75%
35.00m '17-'18 Chelsea Antonio Rüdiger
74%
31.40m '13-'14 Paris SG Marquinhos
73%
38.00m '18-'19 Inter Milan Radja Nainggolan
73%
30.00m '13-'14 Tottenham Erik Lamela
70%
32.00m '15-'16 Juventus Miralem Pjanic
70%
16.00m '19-'20 Shanghai Shenhua Stephan El Shaarawy
70%
26.50m '20-'21 Bayer Leverkusen Patrik Schick
67%
28.00m '04-'05 Juventus Émerson
59%
20.00m '17-'18 Chelsea Emerson
59%
5.50m '05-'06 Real Madrid Antonio Cassano
55%
23.00m '17-'18 Zenit Leandro Paredes
55%
28.00m '14-'15 Bayern Munich Medhi Benatia
55%
25.00m '15-'16 AC Milan Alessio Romagnoli
39%
22.00m '19-'20 Juventus Luca Pellegrini
39%
25.00m '18-'19 Marseille Kevin Strootman
37%
20.00m '09-'10 Liverpool Alberto Aquilani
33%
25.00m '04-'05 Real Madrid Wálter Samuel
33%
18.00m '15-'16 Hebei China Fortune Gervinho
30%
16.00m '07-'08 Inter Milan Christian Chivu
28%
21.00m '15-'16 AC Milan Andrea Bertolacci
23%
28.40m '01-'02 AC Parma Hidetoshi Nakata
22%
6.00m '94-'95 Sampdoria Sinisa Mihajlovic
5%
4.50m '97-'98 Espanyol Iván Helguera
2%
No matching quizzes found
Score Distribution
Percent of People with Each Score
Percentile by Number Answered
Your Score History
You have not taken this quiz